|
|
|
|
| LEADER |
01273nam a2200313 a 4500 |
| 001 |
4600124 |
| 008 |
090719s1969 nju b 000 0 eng d |
| 010 |
|
|
|a 76079452
|
| 020 |
|
|
|a 0132187019
|
| 020 |
|
|
|a 0132186934
|
| 040 |
|
|
|a DLC
|c DLC
|d DLC
|
| 082 |
0 |
0 |
|a 821/.7
|2 17
|
| 100 |
1 |
|
|a Bostetter, Edward E.
|q (Edward Everett),
|d 1914-
|e comp.
|
| 245 |
1 |
0 |
|a Twentieth century interpretations of Don Juan ;
|b a collection of critical essays.
|c Edited by Edward E. Bostetter.
|
| 260 |
|
|
|a Englewood Cliffs, N.J.,
|b Prentice-Hall
|c [1969]
|
| 300 |
|
|
|a vi, 119 p.
|c 21 cm.
|
| 350 |
|
|
|a 4.95
|
| 490 |
0 |
|
|a Twentieth century interpretations
|
| 490 |
0 |
|
|a A Spectrum book.
|
| 504 |
|
|
|a Includes bibliographical references.
|
| 541 |
1 |
|
|e 00009354
|
| 600 |
1 |
0 |
|a Byron, George Gordon Byron,
|c Baron,
|d 1788-1824.
|t Don Juan.
|
| 650 |
|
0 |
|a Don Juan (Legendary character)in literature.
|
| 650 |
|
0 |
|a Epic poetry, English
|x History and criticism.
|
| 650 |
|
0 |
|a Seduction in literature.
|
| 740 |
|
|
|a Don Juan.
|
| 852 |
4 |
|
|a Ayesha Abed Library
|j General shelf.
|
| 999 |
|
|
|c 2516
|d 2516
|
| 952 |
|
|
|0 0
|1 0
|2 ddc
|4 1
|6 821_000000000000000__7_BOS_1969
|7 0
|9 2432
|a BRACUL
|b BRACUL
|c SPS
|d 2009-07-22
|g 0.00
|l 0
|o 821.7 BOS
|p 3010009354
|r 2009-07-22
|t 1
|w 2009-07-22
|y BK
|x No price found in the accession register.
|